Clic Quel pays d'Amérique a ce point culminant ? - Statistiques

Statistiques générales
  • Ce quiz a été pris 22 fois
  • Le résultat moyen est 10 sur 35
Statistiques - réponses
Hint Extra Hint Réponse % Correct
Aconcagua 6960 m / Cordillère principale des Andes Argentine
77%
Denali 6190 m / Chaîne d'Alaska États-Unis
77%
Nevado Ojos del Salado 6893 m / Cordillère principale des Andes Chili
69%
Chimborazo 6263 m / Cordillère blanche Équateur
69%
Huascarán 6768 m / Cordillère blanche Pérou
69%
Mont Logan 5959 m / Chaîne Saint-Élie Canada
62%
Nevado Sajama 6542 m / Cordillère blanche Bolivie
46%
Pic Cristóbal Colón 5775 m / Sierra Nevada de Santa Marta Colombie
46%
Pic d'Orizaba 5675 m / Cordillère Néovolcanique Mexique
38%
Volcan Tajumulco 4220 m / Sierra Madre de Chiapas Guatemala
31%
Mont Roraima 2810 m / Sierra de Pacaraima Guyana
31%
Blue Mountain Peak 2256 m / Blue Mountains Jamaïque
31%
Pico Simón Bolívar 4978 m / Sierra Nevada de Mérida Venezuela
31%
Mont Obama 402 m / Monts Shekerley Antigua-et-Barbuda
23%
Doyle's Delight 1124 m / Monts Maya Belize
23%
Pico Turquino 1974 m / Sierra Maestra Cuba
23%
Mont Sainte-Catherine 840 m / Grenade Grenade
23%
Pic la Selle 2680 m / Chaîne de la Selle Haïti
23%
Pico Duarte 3098 m / Cordillère Centrale République dominicaine
23%
Mont Liamuiga 1156 m / Petites Antilles Saint-Christophe-et-Niévès
23%
Mont Alvernia 63 m / Ile Cat Bahamas
15%
Mont Hillaby 340 m / Petites Antilles Barbade
15%
Pico da Neblina 2995 m / Sierra de Imerí Brésil
15%
Cerro Chirripó 3820 m / Cordillère de Talamanca Costa Rica
15%
Morne Diablotins 1447 m / Petites Antilles Dominique
15%
Cerro Las Minas 2870 m / Sierra Madre de Chiapas Honduras
15%
Mogoton 2107 m / Cordillère Isabelia Nicaragua
15%
Cerro Peró 842 m / Ybytyruzú Paraguay
15%
Soufrière 1220 m / Île de Saint-Vincent Saint-Vincent-et-les-Grenadines
15%
Cerro El Pital 2730 m / Sierra Madre de Chiapas Salvador
15%
Cerro del Aripo 940 m / Cordillère septentrionale Trinité-et-Tobago
15%
Barú 3474 m / Cordillère de Talamanca Panama
8%
Mont Gimie 980 m / Petites Antilles Sainte-Lucie
8%
Juliana Top 1280 m / Monts Wilhelmina Suriname
8%
Cerro Catedral 514 m / Sierra Carapé Uruguay
8%
Aucun quiz correspondant
Distribution des résultats
% des personnes avec chaque résultat
Percentile par nombre de réponses
Votre historique - résultats
Vous n’avez pas pris ce quiz